00277nam a2200097Ia 4500008004100000082001800041100001900059245004400078260004700122300001000169210430s9999 xx 000 0 und d a651.7 A2371 L aRonald B Adler aLooking Out Looking In cRonald B Adler aAustraliabWadsworth Cengage Learingc2006 a457p.